LEADER 04443oam 2201225zu 450 001 996212362903316 005 20210807003051.0 010 $a1-4160-2384-4 035 $a(CKB)1000000000748962 035 $a(SSID)ssj0000556444 035 $a(PQKBManifestationID)12242799 035 $a(PQKBTitleCode)TC0000556444 035 $a(PQKBWorkID)10536778 035 $a(PQKB)10589815 035 $a(EXLCZ)991000000000748962 100 $a20160829d2007 uy 101 0 $aeng 181 $ctxt 182 $cc 183 $acr 200 10$aEvidence-based manual medicine : a problem-oriented approach 210 31$a[Place of publication not identified]$cSaunders/Elsevier$d2007 300 $aBibliographic Level Mode of Issuance: Monograph 327 $aSomatic dysfunction mechanisms -- Manual diagnostic procedures overview -- Treatment procedures overview -- Mechanical low back pain -- Mechanical neck and upper back pain -- Cervicogenic headache -- Temporomandibular joint dysfunction -- Shoulder pain and dysfunction -- Carpal tunnel syndrome -- Ankle sprain -- Manual medicine coding. 517 $aEvidence-Based Manual Medicine: A Problem-Oriented Approach 606 $aEvidence-based medicine$xDiseases$vHandbooks, manuals, etc 606 $aMusculoskeletal system$vHandbooks, manuals, etc 606 $aSensation 606 $aNeurologic Manifestations 606 $aOrthopedic Procedures 606 $aInvestigative Techniques 606 $aEvidence-Based Practice 606 $aClinical Medicine 606 $aWounds and Injuries 606 $aSigns and Symptoms 606 $aDiseases 606 $aMusculoskeletal Manipulations 606 $aAnalytical, Diagnostic and Therapeutic Techniques and Equipment 606 $aHealth Occupations 606 $aPhysical Therapy Modalities 606 $aNervous System Physiological Processes 606 $aPsychophysiology 606 $aNervous System Diseases 606 $aMedicine 606 $aPathological Conditions, Signs and Symptoms 606 $aTherapeutics 606 $aDisciplines and Occupations 606 $aNervous System Physiological Phenomena 606 $aPsychological Phenomena and Processes 606 $aPsychiatry and Psychology 606 $aMusculoskeletal and Neural Physiological Phenomena 606 $aPhenomena and Processes 606 $aManipulation, Orthopedic 606 $aMusculoskeletal Diseases 606 $aPain 606 $aEvidence-Based Medicine 606 $aSprains and Strains 606 $aMethods 606 $aMedicine$2HILCC 606 $aHealth & Biological Sciences$2HILCC 606 $aInternal Medicine$2HILCC 615 0$aEvidence-based medicine$xDiseases 615 0$aMusculoskeletal system 615 2$aSensation 615 2$aNeurologic Manifestations 615 2$aOrthopedic Procedures 615 2$aInvestigative Techniques 615 2$aEvidence-Based Practice 615 2$aClinical Medicine 615 2$aWounds and Injuries 615 2$aSigns and Symptoms 615 2$aDiseases 615 2$aMusculoskeletal Manipulations 615 2$aAnalytical, Diagnostic and Therapeutic Techniques and Equipment 615 2$aHealth Occupations 615 2$aPhysical Therapy Modalities 615 2$aNervous System Physiological Processes 615 2$aPsychophysiology 615 2$aNervous System Diseases 615 2$aMedicine 615 2$aPathological Conditions, Signs and Symptoms 615 2$aTherapeutics 615 2$aDisciplines and Occupations 615 2$aNervous System Physiological Phenomena 615 2$aPsychological Phenomena and Processes 615 2$aPsychiatry and Psychology 615 2$aMusculoskeletal and Neural Physiological Phenomena 615 2$aPhenomena and Processes 615 2$aManipulation, Orthopedic 615 2$aMusculoskeletal Diseases 615 2$aPain 615 2$aEvidence-Based Medicine 615 2$aSprains and Strains 615 2$aMethods 615 7$aMedicine 615 7$aHealth & Biological Sciences 615 7$aInternal Medicine 676 $a616 700 $aSeffinger$b Michael A$0613085 702 $aHruby$b Raymond J 801 0$bPQKB 906 $aBOOK 912 $a996212362903316 996 $aEvidence-based manual medicine : a problem-oriented approach$92397019 997 $aUNISA LEADER 02389nam 2200601z- 450 001 9910557477603321 005 20211118 035 $a(CKB)5400000000043021 035 $a(oapen)https://directory.doabooks.org/handle/20.500.12854/73229 035 $a(oapen)doab73229 035 $a(EXLCZ)995400000000043021 100 $a20202111d2019 |y 0 101 0 $aeng 135 $aurmn|---annan 181 $ctxt$2rdacontent 182 $cc$2rdamedia 183 $acr$2rdacarrier 200 00$aThe Impact of Virtual and Augmented Reality on Individuals and Society 210 $cFrontiers Media SA$d2019 215 $a1 online resource (335 p.) 311 08$a9782889630646 311 08$a2889630641 330 $aThis eBook is a collection of articles from a Frontiers Research Topic. Frontiers Research Topics are very popular trademarks of the Frontiers Journals Series: they are collections of at least ten articles, all centered on a particular subject. With their unique mix of varied contributions from Original Research to Review Articles, Frontiers Research Topics unify the most influential researchers, the latest key findings and historical advances in a hot research area! Find out more on how to host your own Frontiers Research Topic or contribute to one as an author by contacting the Frontiers Editorial Office: frontiersin.org/about/contact 606 $aPsychology$2bicssc 606 $aScience: general issues$2bicssc 610 $aclinical psychology 610 $aentertainment 610 $aEthics 610 $aImmersion 610 $aJournalism 610 $aLaw 610 $along term effects 610 $aMedicine 610 $apresence 610 $aserious games 610 $aSocietal impact 610 $avirtual environments 610 $avirtual reality 610 $aVR 615 7$aPsychology 615 7$aScience: general issues 700 $aSlater$b Mel$4edt$0598665 702 $aSanchez-Vives$b Maria V$4edt 702 $aRizzo$b Albert$4edt 702 $aBergamasco$b Massimo$4edt 702 $aSlater$b Mel$4oth 702 $aSanchez-Vives$b Maria V$4oth 702 $aRizzo$b Albert$4oth 702 $aBergamasco$b Massimo$4oth 906 $aBOOK 912 $a9910557477603321 996 $aThe Impact of Virtual and Augmented Reality on Individuals and Society$93038271 997 $aUNINA